000
00326nam a2200121Ia 4500
008
151001s9999||||xx |||||||||||||| ||und||
100
_a
म स पारखे
245
_a
राजराजेश्वर परशुराम
250
_a
1
260
_b
मोंडकर अ.जा.
300
_a
123
365
_b
22
999
_c
957843
_d
957840